الفارابي مكانة الفارابى فى تاريخ نظرية المحاكاة فى الشعر

محفوظ في:

المؤلف الرئيسي: البصري، عبد الجبار داود.

التنسيق: كتاب

اللغة: Undetermined

منشور في: Baghdad Al-huria Press 1975

الوسوم: إضافة وسم

لا توجد وسوم, كن أول من يضع وسما على هذه التسجيلة!

رقم الطلب: A99 FARA

LEADER 00454nam a2200121Ia 4500
008 240404s9999||||xx |||||||||||||| ||und||
050 4 |a A99 FARA 
100 1 |a البصري، عبد الجبار داود. 
245 1 0 |a الفارابي  |b مكانة الفارابى فى تاريخ نظرية المحاكاة فى الشعر  |c البصري، عبد الجبار داود 
264 1 |a Baghdad  |b Al-huria Press  |c 1975 
300 |a 20  |c 24 
942 |2 lcc  |c BK 
999 |c 58061  |d 58061